000 00878nam a2200253 a 4500
001 59529
003 BD-RjUL
005 20211209080737.0
008 161226s1955 cau b 000 0 eng
035 _a(BD-RjUL)59653
040 _aDLC
_cPBm
_dBD-RjUL
_dBD-RjUL
_beng
041 _aeng
082 _a323.15
_223
_bTHM 1955
100 1 _aThompson, Virginia,
_d1903-1990.
_9177065
245 1 0 _aMinority problems in Southeast Asia /
_cby Virginia Thompson and Richard Adloff.
260 _aStanford :
_bStanford University Press,
_c1955.
300 _aviii, 295 p. ;
_c24 cm.
500 _a"Issued under the auspices of the International Secretariat, Institute of Pacific Relations."
504 _aBibliography: p. 287-289.
650 0 _aMinorities
_zSoutheast Asia.
_9177066
700 1 _aAdloff, Richard,
_ejoint author.
_9177067
942 _2ddc
_cBK
999 _c59529
_d59529